| 000 | 00902nas a2200301 4500 | ||
|---|---|---|---|
| 001 | BR2012009632 | ||
| 003 | BR-BrBNA | ||
| 005 | 20231205121645.0 | ||
| 007 | ta | ||
| 008 | 230509b bl.|||p| |||| 00| 00por d | ||
| 040 |
_aBR-BrBNA _bpor _cBiblioteca Nacional de Agricultura |
||
| 041 | _a(En) | ||
| 072 | _aF30 | ||
| 100 | 1 | _aBrugnara, E.C. | |
| 100 | 1 | _aBastianel, M. | |
| 100 | 1 | _aWeiler, R.L. | |
| 100 | 1 | _aSchwarz, S.F. | |
| 245 | 1 | _aGenetic similarity in a hybrid population of 'Montenegrina' and 'King' mandarins | |
| 650 | _aTANGERINA | ||
| 650 | _aHÍBRIDO | ||
| 650 | _aMELHORAMENTO GENÉTICO VEGETAL | ||
| 650 | _aCLONE | ||
| 650 | _aSÃO PAULO | ||
| 650 | _aRIO GRANDE DO SUL | ||
| 773 | 0 |
_tPesquisa Agropecuária Brasileira (Brazil) _xISSN 0100-204X _g(Aug 2012), v. 47(8) p. 1103-1109 _wBR2012009632 |
|
| 909 |
_a202311 _bLúcia _c55 _dLúcia Elande |
||
| 942 |
_2AGRIS _n0 _cANA |
||
| 999 |
_c224594 _d224594 |
||